000 00216nam a22000857a 4500
008 160711b xxu||||| |||| 00| 0 eng d
100 _92554
_a Light, J
245 _aDig that Hole!
260 _aNew York
_b Child's Play
_c1990
999 _c2220
_d2220